000 01235nam0a22002891 4500
001 rc\4719076
005 20250612011603.0
021 _aRU
_b66-91596
021 _aRU
_bРг1209-67
035 _a(NLR Aleph) 008440585
090 _a9475501
_c9475501
100 _a20130416d1966 |||y0rusy50 ca
101 0 _arus
102 _aRU
105 _ay z |||||
200 1 _a[Выборочный перечень индексов патентной классификации
_f[Гос. ком. по электротехнике при Госплане СССР. ВНИИЭМ. Спецотд-ние науч.-техн. информации, стандартизации и нормализации в электротехнике]
210 _aМосква
_cБ. и.
_d1966]
215 _a18 с.
_d20х29
300 _aБез тит. л. и обл.
300 _aОтпеч. множит. аппаратом
300 _aТекст начинается словами: Индексы по указателю классов СССР ...
710 1 2 _aСССР. Комитет по электротехнике
801 0 _aRU
_bNLR
_gpsbo
801 1 _aRU
_bELAR
_2rusmarc
852 _aNLR
_jПт 10.2/610
942 _cBOOK
980 _aNB